000 00593cam a2200205 4500
008 090401t1986 xxu||||| |||| 00| 0 eng d
020 _a094670032X
035 _a(Sirsi) u35245
041 _aeng
050 _a336.2424
100 _aEvans, Alec H
245 _aProperty taxation : 1. Capital Gains Tax
260 _aLondon
_bHenry Stewart Publications
_c1986
300 _a48p. ; 22cm.
350 _a0
490 _aHenry Stewart Briefings for Surveyors
_v10
520 _aPublished jointly with Portsmouth Polytechnic Department of Surveying .
942 _n0
948 _c04/03/1997
999 _c90074
_d90074